Riconosci la Squadra di calcio - Quiz n°139 - Statistics

Statistiche generali
  • Questo quiz è stato fatto 6 volte
  • Il punteggio medio è 6 su 9
Statistiche sulle risposte
Indizio Risposta % Corretto
Titoli nazionali 4 Campionati inglesi di seconda divisione1 Third Division
100%
Colori sociali Blu, bianco
100%
Trofei internazionali 0
80%
Confederazione UEFA
80%
Fondazione 1875
60%
Trofei nazionali 2 Coppe di Lega inglese
60%
Divisione nazionale 2023-2024 Seconda
60%
Capienza Stadio 30 000 posti
40%
Squadra Birmingham City
40%
Nessun quiz corrispondente trovato
Distribuzione punteggi
Percentuale di utenti per punteggio
Percentile per numero di risposta
I tuoi punteggi nel tempo
Non hai fatto questo quiz